000 00492nam a2200169 a 4500
020 _a9251028982 (pbk.)
040 _cTxDa
082 _a333 FAU 1992 C152 Or.
100 1 _aMcConnell, D. J.
245 1 4 _aThe forest-garden farms of Kandy, Sri Lanka /
260 _aRome :
_bFood and Agriculture Organization of the United Nations,
_c1992.
300 _aix, 117 p. :
_bill., map ;
_c21 cm.
650 0 _aFarms, Small
650 0 _aAgriculture
650 0 _aFarm management
942 _cAEDBB
999 _c18761
_d18761